Library of the University of Algiers 3
Ibrahim Sultan Cheibout
شعار جامعة الجزائر 3
مكتبة جامعة الجزائر 3
إبراهيم سلطان شيبوط

النظام القانوني للخصومة أمام محكمة الإحالة بعد النقض / (رقم التسجيلة. 42957)

تفاصيل مارك
000 -LEADER
fixed length control field 01435nam a2200229Ia 4500
003 - CONTROL NUMBER IDENTIFIER
control field Ost
005 - DATE AND TIME OF LATEST TRANSACTION
control field 20260507075113.0
008 - FIXED-LENGTH DATA ELEMENTS--GENERAL INFORMATION
fixed length control field 260507s9999||||xx |||||||||||||| ||und||
020 ## - INTERNATIONAL STANDARD BOOK NUMBER
International Standard Book Number X175800977
040 ## - CATALOGING SOURCE
Transcribing agency fsecg
041 ## - LANGUAGE CODE
Language code of text/sound track or separate title ara
082 ## - DEWEY DECIMAL CLASSIFICATION NUMBER
Classification number 330
100 ## - MAIN ENTRY--PERSONAL NAME
Personal name النيداني، الأنصاري حسن
Relator term مؤلف
245 #0 - TITLE STATEMENT
Title النظام القانوني للخصومة أمام محكمة الإحالة بعد النقض /
Statement of responsibility, etc. الأنصاري حسن النيداني
260 ## - PUBLICATION, DISTRIBUTION, ETC.
Place of publication, distribution, etc. الاسكندرية:
Name of publisher, distributor, etc. دار الجامعة الجديدة,
Date of publication, distribution, etc. 2002
300 ## - PHYSICAL DESCRIPTION
Extent 351 صفحة؛
Dimensions 24 سم
490 ## - SERIES STATEMENT
Series statement المكتبة القانونية
504 ## - BIBLIOGRAPHY, ETC. NOTE
Bibliography, etc. note ببليوغرافيا:ص.319-326
520 ## - SUMMARY, ETC.
Summary, etc. ماذا بعد النقض،حالات النقض دون إحالة،حالات النقض والقوف عن هذا الحد،نقض الحكم والفصل فيه،الحالات التي يجب فيها إحالة الدعوى،المحكمة التي تحال إليها القضية،التعجيل في القانون المصري،مراحل الخصومة وعوارضها،نطاق الخصومة من حيث الطلبات،نطاق الخصومة من حيث الدفوع حكم محكمة الإحالة والطعن فيه،سلطات محكمة الإحالة،إجراءات طرح الطعن ونظره أمام الجمعية المكتملة
653 ## - INDEX TERM--UNCONTROLLED
Uncontrolled term نقض الأحكام
942 ## - ADDED ENTRY ELEMENTS (KOHA)
Koha item type كتب
المقتنيات
Withdrawn status Lost status Source of classification or shelving scheme Damaged status Not for loan Home library Current library Date acquired Serial enumeration / chronology Inventory number Total checkouts Full call number Barcode Date last seen Price effective from Koha item type
    Dewey Decimal Classification   NOT LOAN / إعارة داخلية مكتبة كلية العلوم الإقتصادية والعلوم التجارية وعلوم التسيير مكتبة كلية العلوم الإقتصادية والعلوم التجارية وعلوم التسيير 07/05/2026 الطابق الأرضي 1/1564   أ/1564ن1 1/1564 07/05/2026 07/05/2026 كتب

موارد الويب المفتوحة


© University of Algiers 3 All Rights Reserved
|
Implemented by LECHELAH Riad